| 000 | 00764nam a2200217 i 4500 | ||
|---|---|---|---|
| 001 | 118058 | ||
| 003 | ES-MaACL | ||
| 005 | 20230906191025.0 | ||
| 007 | t| | ||
| 008 | 070214s1960 sp af |||| | spa d | ||
| 080 | _a645(02) | ||
| 100 | 1 |
_aPelton, Marion Ingalls. _990125 |
|
| 245 | 1 | 0 |
_aDecoración y restauración de interiores / _cMarion Ingalls Pelton ; versión por César Loreanzo Jorganes ; apéndice, revisión y adaptación por José Mª Soteras. |
| 250 | _a1ª ed. española. | ||
| 260 |
_aBarcelona : _bJosé Montesó, _c1960. |
||
| 300 |
_a167 p., 14 lám. : _bil. ; _c22 cm. |
||
| 650 | 0 | 4 |
_aDecoración interior. _911542 |
| 700 | 1 |
_aLorenzo Jorganes, Oscar. _974188 |
|
| 700 | 1 |
_aSoteras, José María. _9107465 |
|
| 852 |
_aES-MaACL _jC-18409 |
||
| 999 |
_c118058 _d118058 |
||